000 00735cam a22002533a 4500
001 17691
003 PGUSA
005 20140828083358.0
008 060206s2006||||xxu|||||s|||||000 | eng d
040 _aPGUSA
_beng
042 _adc
050 4 _aTL
100 1 _aGraffigny, H. de
_q(Henry),
_d1863-1934
245 1 0 _aLe tour de France en aƩroplane
_h[electronic resource] /
_cH. de Graffigny
260 _bProject Gutenberg,
_c2006
506 _aPublic domain in the USA.
516 _aElectronic text
653 _aFrance -- Description and travel
653 _aAeronautics -- Flights
700 1 _aRaffin, Ferdinand
830 0 _aProject Gutenberg
_v17691
856 4 0 _uhttp://www.gutenberg.org/ebooks/17691
942 _cEB
999 _c246946
_d246946